Mil dias de solidao : Collor bateu e levou : memórias /
Memorias del que fuera portavoz en el gobierno del Presidente brasileño Fernando Collor de Mello. Se narra aquí la trayectoria política con trágico final de Collor, dibujándose de paso las condiciones de la escena política en Brasil.
Guardado en:
| Autor principal: | |
|---|---|
| Formato: | Libro |
| Idioma: | Portugués |
| Publicado: |
São Paulo, Brasil :
Geraçao,
1993
|
| Temas: | |
| Etiquetas: |
Sin etiquetas, Sé el primero en etiquetar este registro!
|
MARC
| LEADER | 00000nam^a2200000^a^4500 | ||
|---|---|---|---|
| 001 | 000047185 | ||
| 005 | 20250521000000.0 | ||
| 009 | 20260310090041.658 | ||
| 037 | |a Acervo ITESO - Biblioteca | ||
| 041 | |a POR | ||
| 082 | |a 320. 981064 |b SIL | ||
| 100 | |a Silva, Cláudio Humberto Rosa e |e (autor) | ||
| 245 | 1 | 0 | |a Mil dias de solidao : |b Collor bateu e levou : memórias / |c C.H. Rosa e Silva. |
| 264 | 1 | |a São Paulo, Brasil : |b Geraçao, |c 1993 | |
| 300 | |a 399 p. | ||
| 336 | |a texto |b txt |2 rdacontenido | ||
| 337 | |a sin mediación |b n |2 rdamedio | ||
| 338 | |a volumen |b nc |2 rdasoporte | ||
| 520 | |a Memorias del que fuera portavoz en el gobierno del Presidente brasileño Fernando Collor de Mello. Se narra aquí la trayectoria política con trágico final de Collor, dibujándose de paso las condiciones de la escena política en Brasil. | ||
| 649 | |a XX | ||
| 650 | |a Jefes de Estado Brasileños | ||
| 650 | |a Funcionarios Públicos Brasileños - |x Memorias | ||
| 650 | |a Política - |z Brasil - |x Historia - |y 1990-1992 | ||
| 650 | |a Brasil - |x Historia - |y 1990-1992 | ||
| 650 | |a Brasil - |x Condiciones Políticas | ||
| 910 | |a Fondo General | ||
| 920 | |a Impresos - Libros | ||
| 930 | |a Colección General | ||
| 905 | |a 101 | ||
| 901 | |a 0500002675 |b IT1 |c ACC |u 20250521 | ||
| 902 | |a https://opac.biblio.iteso.mx/vufind/Record/000047185 | ||